LEADER 01159nam--2200361---450 001 990002900820203316 005 20230529095813.0 010 $a88-548-0422-3 035 $a000290082 035 $aUSA01000290082 035 $a(ALEPH)000290082USA01 035 $a000290082 100 $a20070411d2006----km-y0itay50------ba 101 $aita 102 $aIT 105 $aa---||||001yy 200 1 $aArchitetture del Rinascimento nel territorio di Salerno$eCilento e Vallo di Diano$fChiara Ingrosso 210 $aRoma$cAracne$d2006 215 $a61 p.$cill.$d29 cm 225 2 $aA08$v97 300 $aEstratto da : L'architettura del Classicismo in Campania e Calabria tra Quattrocento e Cinquecento / a cura di A. Gambardella 410 0$12001$aA08$v97 454 1$12001 606 0 $aArchitettura$ySalerno $zSec. 15.-16. 676 $a720.9 700 1$aINGROSSO,$bChiara$0596641 801 0$aIT$bsalbc$gISBD 912 $a990002900820203316 951 $aXII.2.B. 1233$b191020 L.M.$cXII.2.$d00127679 959 $aBK 969 $aUMA 996 $aArchitetture del Rinascimento nel territorio di Salerno$9989113 997 $aUNISA